00829nam 22002413 4500001000700000011001400007021002000021100004100041101000800082102000700090200005800097210005600155215002700211225002800238300004600266303004800312326007900360606004700439675001900486700003600505801001800541830002800559202451 a8dOferta aPTbS. 261-1972 a20260605d u||y0pory50 ba aspa aES aPara un auto-analisis literariofVergílio Ferreira  aSalamancacCursos de Verano de la Universidadd1972 a15 p.cbrochadod21 cm aTítulos Aparecidosv8 aContém dedicatória na folha de guarda aLiteratura Portuguesa em Língua Espanhola aPublicaciones de los Cursos de Verano de la Universidad de Salamancab1972 aCrítica Literária.Estudos Literários a82.09vESzspa aFerreirabVergíliof1916-1996 aPTbBMMNgRPC d05/06/20206g05/06/2026